| 000 | 01337nam a2200337 a 4500 | ||
|---|---|---|---|
| 999 |
_c7506 _d7506 |
||
| 001 | 991030023299706706 | ||
| 003 | OSt | ||
| 005 | 20211209110526.0 | ||
| 008 | 110222s2010 spc|||| |||| 0|0 0 cat| | ||
| 015 |
_aLL2011 _2bnc |
||
| 017 |
_aDL B. 38062-2010 _bBiblioteca de Catalunya |
||
| 035 | _a(ES-BaCBU)b48054720-34csuc_network | ||
| 035 | _a(ES-BaCBU).b48054720 | ||
| 035 | _a(ccuc001)b48054720 | ||
| 035 | _a(OCoLC)804941029 | ||
| 040 |
_aES-BaBC _bcat _cCDMR |
||
| 080 | _a325.25-055.2:070 | ||
| 245 | 0 | 0 |
_aEs busquen còmplices : _bper a un tractament informatiu equilibrat de les dones immigrades als mitjans de comunicació / _carticles de Gemma Lienas ... [et al.] |
| 260 |
_aBarcelona : _bACSUR-Las Segovias Catalunya, _ccop. 2010 |
||
| 300 |
_a126 p. : _bil. ; _c21 cm |
||
| 504 | _aBibliografia | ||
| 650 | 7 |
_aDones immigrants _xCobertura periodística. _2lemac |
|
| 650 | 7 |
_aDones en els mitjans de comunicació de massa _2lemac |
|
| 700 | 1 | _aLienas, Gemma, | |
| 710 | 2 | _aAsociación para la Cooperación con el Sur-Las Segovias | |
| 856 |
_uhttp://observatoriorigen.org/wp-content/uploads/2015/10/Es_busquen_complices.pdf _zAccés lliure |
||
| 907 |
_a.b48054720 _b18-06-21 _c22-02-11 _d22-02-11 _em _fa _g- _hcat _ispc _j0 _k1 |
||
| 908 |
_aBC _aUVic-UCC _aUB _aURV _aCBAB _aUAB _aICD |
||
| 940 | _aBC | ||
| 942 |
_2udc _cMON |
||